00972cam a22002533a 45000010005000000030006000050050017000110080041000280400015000690420007000840500007000911000038000982450254001362600029003905060030004195160020004496530043004696530037005128300028005498560041005779420007006189990019006259520074006448911PGUSA20140828083206.0040830s2004||||xxu|||||s|||||000 | eng d aPGUSAbeng adc 4aDU1 aStuart, John McDouall,d1815-186610aExplorations in Australia :bThe Journals of John McDouall Stuart During the Years 1858, 1859, 1860, 1861, and 1862, When He Fixed the Centre of the Continent and Successfully Crossed It from Sea to Seah[electronic resource] /cJohn McDouall Stuart bProject Gutenberg,c2004 aPublic domain in the USA. aElectronic text aAustralia -- Discovery and exploration aStuart, John McDouall, 1815-1866 0aProject Gutenbergv891140uhttp://www.gutenberg.org/ebooks/8911 cEB c238195d238195 001040aGTBbGTBd2014-08-28l0r2014-08-28 00:00:00w2014-08-28yEB